[Event "Tourn. n9023"]
[Site "www.chess-mail.com"]
[Date "2016.11.09"]
[Round "1"]
[White "Mitja"]
[Black "Prize640"]
[WhiteElo "2000"]
[BlackElo "2219"]
[Result "0-1"]
[Round "1"]
1.d4 Ng8f6
2.e3 g6
3.c3 Bf8g7
4.Ng1e2 d6
5.h3 Nb8c6
6.Ne2g3 e5
7.dxe5 Nc6xe5
8.Nb1d2 O-O
9.Bf1e2 Bc8e6
10.Nd2f3 Ne5xf3
11.Be2xf3 Ra8b8
12.O-O c6
13.b3 d5
14.Bc1b2 Qd8c7
15.Qd1c2 Rf8e8
16.Rf1e1 Rb8d8
17.Ra1d1 Nf6d7
18.e4 Nd7e5
19.Bf3e2 dxe4
20.Qc2xe4 Be6d5
21.Qe4c2 f5
22.c4 Bd5f7
23.Rd1xd8 Re8xd8
24.Re1d1 Rd8xd1
25.Be2xd1 Qc7d6
26.Bb2xe5 Bg7xe5
27.Bd1f3 Be5xg3
28.fxg3 Qd6xg3
29.Qc2f2 Qg3xf2
30.Kxf2 Kf8
31.Ke3 Ke7
32.Kf4 Kf6
33.g3 g5
34.Ke3 Ke5
35.Bf3e2 c5
36.Be2d3 h6
37.a4 b6
38.Bd3e2 f4
39.gxf4 gxf4
40.Kd3 Bf7g6
41.Kd2 Bg6e4
{ resign }
0-1

[Event "Tourn. n9012"]
[Site "www.chess-mail.com"]
[Date "2016.11.09"]
[Round "1"]
[White "Picifarkinca"]
[Black "Attatroll"]
[WhiteElo "1900"]
[BlackElo "1950"]
[Result "1-0"]
[Round "1"]
1.Ng1f3 d5
2.b3 c6
3.Bc1b2 Ng8f6
4.d3 Bc8f5
5.Nb1d2 e6
6.g3 Bf8e7
7.Bf1g2 O-O
8.O-O h6
9.c4 dxc4
10.bxc4 Nb8d7
11.Nd2b3 Bf5h7
12.Ra1c1 Nd7c5
13.Nb3xc5 Be7xc5
14.d4 Bc5b6
15.e3 Qd8e7
16.Qd1b3 Rf8d8
17.Rf1d1 Bb6c7
18.Bb2a3 Bc7d6
19.Ba3xd6 Rd8xd6
20.Nf3e5 Rd6d8
21.d5 cxd5
22.cxd5 Nf6xd5
23.f4 Nd5b6
24.a4 Ra8c8
25.a5 Rd8xd1
26.Qb3xd1 Rc8xc1
27.Qd1xc1 Nb6d5
28.Qc1c8 Qe7f8
29.Qc8xf8 Kxf8
30.Kf2 Ke7
31.e4 Nd5c3
32.Ke3 f6
33.Ne5c4 Bh7g8
34.e5 Nc3d5
35.Kd4 fxe5
36.fxe5 b5
37.Nc4d6 b4
38.Bg2xd5 exd5
39.Nd6c8 Ke6
40.Nc8xa7 b3
41.Na7b5 Bg8f7
42.a6 { resign }
1-0

[Event "Tourn. n9013"]
[Site "www.chess-mail.com"]
[Date "2016.11.09"]
[Round "1"]
[White "Krystek23"]
[Black "Romaamor69"]
[WhiteElo "2310"]
[BlackElo "2420"]
[Result "1/2-1/2"]
[Round "1"]
1.Ng1f3 d5
2.d4 c5
3.c3 e6
4.Bc1f4 Ng8f6
5.e3 Bf8d6
6.Bf4g3 O-O
7.Bg3h4 Nb8c6
8.Bf1e2 Qd8b6
9.Qd1c2 Nf6e4
10.dxc5 Bd6xc5
11.Nb1d2 f5
12.a4 f4
13.a5 Nc6xa5
14.b4 Ne4xd2
15.Nf3xd2 fxe3
16.fxe3 Bc5xe3
17.bxa5 Be3f2
18.Kd1 Qb6c5
19.Bh4xf2 Rf8xf2
{ draw }
1/2-1/2

[Event "Tourn. n9027"]
[Site "www.chess-mail.com"]
[Date "2016.11.09"]
[Round "1"]
[White "Tonino1"]
[Black "Panham"]
[WhiteElo "2030"]
[BlackElo "2190"]
[Result "1-0"]
[Round "1"]
1.f4 d5
2.d4 Ng8f6
3.e3 Bc8f5
4.Bf1d3 Bf5xd3
5.cxd3 e6
6.Ng1f3 c5
7.b3 Nb8c6
8.Bc1b2 Bf8e7
9.Nb1d2 O-O
10.Ra1c1 Nc6b4
11.O-O Nb4xd3
12.Rc1c2 Nd3b4
13.Rc2c1 Nb4xa2
14.Rc1a1 Na2b4
15.Bb2a3 cxd4
16.Nf3xd4 Nb4c6
17.Ba3xe7 Qd8xe7
18.Nd4f3 Rf8c8
19.Qd1e2 a6
20.Rf1c1 Nf6d7
21.e4 dxe4
22.Nd2xe4 Nc6b4
23.Rc1c4 Nb4d5
24.g3 Nd5f6
25.Ra1c1 Nf6xe4
26.Rc4xc8 { resign }
1-0

[Event "Tourn. n9020"]
[Site "www.chess-mail.com"]
[Date "2016.11.09"]
[Round "1"]
[White "Mitja"]
[Black "Sandokam"]
[WhiteElo "2000"]
[BlackElo "2220"]
[Result "0-1"]
[Round "1"]
1.d4 Ng8f6
2.e3 g6
3.h3 Bf8g7
4.Ng1f3 O-O
5.c3 d5
6.Bf1d3 Nb8d7
7.b3 Rf8e8
8.Bc1b2 e5
9.dxe5 Nd7xe5
10.Nf3xe5 Re8xe5
11.Qd1f3 Nf6e4
12.Qf3e2 Qd8h4
13.Nb1d2 Bc8g4
14.Nd2f3 Bg4xf3
15.Qe2xf3 Re5f5
16.Qf3e2 Rf5xf2
{ resign }
0-1

[Event "Match"]
[Site "www.echecsemail.com"]
[Date "2016.11.09"]
[Round "1"]
[White "Numanoid"]
[Black "Frisker"]
[WhiteElo "2250"]
[BlackElo "2260"]
[Result "1/2-1/2"]
[Round "1"]
1.e4 e6
2.d4 d5
3.e5 c5
4.c3 Nb8c6
5.Ng1f3 Qd8b6
6.Bf1e2 f6
7.O-O fxe5
8.dxe5 Ng8e7
9.c4 d4
10.Nb1d2 Ne7g6
11.Be2d3 Bc8d7
12.Bd3xg6 hxg6
13.Nd2e4 O-O-O
14.Bc1g5 Rd8e8
15.Ra1b1 a5
16.Qd1d2 Kc7
17.h3 Nc6b8
18.Rf1e1 Nb8a6
19.b3 Bd7c6
20.a3 Kd7
21.Qd2d3 Qb6c7
22.Bg5d2 Bf8e7
23.b4 axb4
24.axb4 cxb4
25.Nf3xd4 Bc6xe4
26.Re1xe4 Na6c5
27.Nd4b5 Nc5xd3
28.Re4d4 Kc8
29.Nb5xc7 Kxc7
30.Rd4xd3 Re8d8
31.Rd3xd8 Rh8xd8
32.Bd2xb4 Be7xb4
33.Rb1xb4 Rd8d7
34.c5 Kc6
35.Rb4b6 Kxc5
36.Rb6xe6 b5
37.Re6xg6 b4
38.e6 Rd7b7
39.Rg6g3 Kd6
40.Rg3e3 Ke7
41.Kf1 b3
42.Re3e1 Rb7c7
43.Re1b1 { draw }
1/2-1/2

[Event "Match"]
[Site "www.echecsemail.com"]
[Date "2016.11.09"]
[Round "1"]
[White "Ddum975"]
[Black "Libiesse"]
[WhiteElo "1809"]
[BlackElo "2030"]
[Result "0-1"]
[Round "1"]
1.c4 c6
2.d4 Ng8f6
3.Ng1f3 d5
4.Nb1c3 dxc4
5.a4 e6
6.e3 c5
7.Bf1xc4 cxd4
8.Nf3xd4 Bf8c5
9.Bc4b5 Bc8d7
 { time }
0-1

[Event "Match"]
[Site "www.echecsemail.com"]
[Date "2016.11.09"]
[Round "1"]
[White "Pariolinius"]
[Black "Nulladies"]
[WhiteElo "1800"]
[BlackElo "1800"]
[Result "1-0"]
[Round "1"]
1.d4 Ng8f6
2.Ng1f3 d5
3.Bc1g5 e6
4.e3 Bf8e7
5.Bf1d3 Nb8c6
6.c4 O-O
7.Nb1c3 h6
8.Bg5h4 Nc6b4
9.Bd3e2 Nf6e4
10.Bh4xe7 Qd8xe7
11.O-O c5
12.a3 Ne4xc3
13.bxc3 Nb4c6
14.Qd1c2 Nc6a5
15.Nf3e5 Na5c6
16.Ne5xc6 bxc6
17.Ra1b1 Bc8a6
18.cxd5 Ba6xe2
19.Qc2xe2 cxd5
20.Rb1b5 cxd4
21.cxd4 Qe7xa3
22.Rf1b1 Qa3a6
23.Qe2b2 Qa6d6
24.Rb5b7 a5
25.Rb7b6 Qd6d8
26.Qb2a3 Qd8c7
27.Rb6b7 Qc7d8
28.Rb7e7 Rf8e8
29.Rb1b7 Re8xe7
30.Rb7xe7 Ra8b8
31.g3 Rb8a8
32.Re7b7 Qd8c8
33.Qa3e7 Qc8f8
34.Qe7d7 a4
35.Rb7a7 a3
36.Qd7a4 Qf8e8
37.Qa4xa3 Ra8xa7
38.Qa3xa7 Qe8c8
39.Qa7c5 Qc8d7
40.Kg2 f5
41.Qc5b4 g5
42.Qb4b8 Kh7
43.Qb8e5 Qd7f7
44.f3 Qf7g7
45.Qe5xe6 Qg7g6
46.Qe6xd5 h5
47.Qd5d7 Kh6
48.d5 Qg6b6
49.Qd7c6 { resign }
1-0

[Event "Match"]
[Site "www.echecsemail.com"]
[Date "2016.11.09"]
[Round "1"]
[White "Chapi"]
[Black "Worldnumber1"]
[WhiteElo "2120"]
[BlackElo "1809"]
[Result "1-0"]
[Round "1"]
1.d4 Ng8f6
2.c4 Nb8c6
3.Nb1c3 e6
4.Bc1g5 Bf8b4
5.e4 O-O
6.e5 h6
7.Bg5xf6 Qd8e8
8.Qd1g4 Bb4xc3
9.bxc3 g6
10.Qg4h4 h5
11.Qh4g5 d6
12.Qg5h6 Qe8d7
13.Qh6h8 { resign }
1-0

[Event "Match"]
[Site "www.echecsemail.com"]
[Date "2016.11.09"]
[Round "1"]
[White "Coraza8091"]
[Black "Cal"]
[WhiteElo "1510"]
[BlackElo "1630"]
[Result "0-1"]
[Round "1"]
1.e4 e5
2.Ng1f3 d6
3.Nb1c3 h6
4.Bf1b5 c6
5.Bb5c4 b5
6.Bc4b3 Ng8f6
7.d3 Bc8b7
8.Bc1e3 Nb8d7
9.Qd1d2 Bf8e7
10.O-O-O { time. }
0-1

[Event "Match"]
[Site "www.echecsemail.com"]
[Date "2016.11.09"]
[Round "1"]
[White "Guidom"]
[Black "Tonino1"]
[WhiteElo "2180"]
[BlackElo "2030"]
[Result "1-0"]
[Round "1"]
1.e4 c6
2.Ng1f3 d5
3.exd5 cxd5
4.d4 Nb8c6
5.c3 e6
6.Bf1b5 Bc8d7
7.O-O Qd8b6
8.Bb5xc6 Bd7xc6
9.Nf3e5 Bc6b5
10.Rf1e1 Ng8f6
11.Nb1d2 Bf8d6
12.Nd2f3 O-O
13.Qd1c2 Ra8c8
14.Bc1e3 Rc8c7
15.Ra1c1 Rf8c8
16.Qc2b1 Nf6e4
17.h3 f6
18.Ne5g4 h5
19.Ng4h2 g5
20.Nf3d2 Qb6c6
21.f3 Ne4xd2
22.Be3xd2 Kg7
23.Nh2f1 Qc6c4
24.Re1xe6 Bd6f4
25.Bd2xf4 gxf4
26.Qb1f5 Rc7f7
27.Qf5xh5 Rc8h8
28.Qh5g4 Kf8
29.Qg4xf4 f5
30.Rc1e1 Bb5d7
31.Qf4d6 Kg8
32.Re6g6 Rf7g7
33.Rg6xg7 Kxg7
34.Qd6xd7 { resign }
1-0

[Event "Match"]
[Site "www.echecsemail.com"]
[Date "2016.11.09"]
[Round "1"]
[White "Mdesouza"]
[Black "Joseph1983"]
[WhiteElo "2370"]
[BlackElo "2130"]
[Result "1-0"]
[Round "1"]
1.e4 c5
2.Ng1f3 g6
3.d4 cxd4
4.Qd1xd4 Ng8f6
5.Bf1b5 a6
6.Bb5a4 b5
7.Ba4b3 Nb8c6
8.Qd4e3 Bf8g7
9.Nb1c3 O-O
10.O-O Qd8c7
11.Bc1d2 e6
12.Rf1e1 b4
13.Nc3a4 d5
14.exd5 exd5
15.Qe3c5 Bc8e6
16.Nf3d4 Nf6g4
17.Nd4f3 Bg7d4
18.Nf3xd4 Qc7xh2
19.Kf1 Qh2h1
20.Ke2 Qh1xg2
21.Nd4xc6 Ng4xf2
22.Nc6e7 Kg7
23.Qc5d4 f6
24.Bd2xb4 { resign }
1-0

[Event "Match"]
[Site "www.echecsemail.com"]
[Date "2016.11.09"]
[Round "1"]
[White "Coraza8091"]
[Black "Canario"]
[WhiteElo "1490"]
[BlackElo "1810"]
[Result "0-1"]
[Round "1"]
1.e4 e5
2.Bf1c4 Ng8f6
3.Nb1c3 Nb8c6
4.Nc3d5 Nf6xd5
5.Bc4xd5 Nc6b4
6.Ng1f3 Nb4xd5
7.exd5 Bf8c5
8.Nf3xe5 Qd8f6
9.Ne5f3 O-O
10.Qd1e2 Rf8e8
11.Qe2xe8 Bc5f8
12.O-O b6
13.c4 Bc8b7
14.Qe8xd7 Bf8d6
15.d4 h6
16.Bc1e3 { time. }
0-1

[Event "1/32 Finale"]
[Site "www.chess-mail.com"]
[Date "2016.11.09"]
[Round "1"]
[White "Bevittsmith"]
[Black "Hennie4820"]
[WhiteElo "2270"]
[BlackElo "2020"]
[Result "1-0"]
[Round "1"]
1.e4 c5
2.Ng1f3 e6
3.d4 cxd4
4.Nf3xd4 Ng8f6
5.Nb1c3 Qd8b6
6.Nd4b3 Nb8c6
7.Bc1e3 Qb6c7
8.a3 a6
9.Bf1e2 Bf8e7
10.O-O O-O
11.f4 d6
12.Qd1e1 b5
13.Be2d3 Bc8b7
14.Qe1g3 Rf8d8
15.Kh1 Kh8
16.Qg3h3 g6
17.f5 e5
18.fxg6 fxg6
19.Nc3d5 Qc7b8
20.Nd5xe7 { resign }
1-0

[Event "1/32 Finale"]
[Site "www.chess-mail.com"]
[Date "2016.11.09"]
[Round "1"]
[White "Guidom"]
[Black "Sachpat"]
[WhiteElo "2150"]
[BlackElo "2510"]
[Result "0-1"]
[Round "1"]
1.e4 e5
2.Ng1f3 Nb8c6
3.Nb1c3 Ng8f6
4.d3 d6
5.Bc1g5 Bf8e7
6.Bf1e2 O-O
7.O-O Bc8e6
8.h3 h6
9.Bg5e3 d5
10.exd5 Nf6xd5
11.Nc3xd5 Be6xd5
12.Nf3d2 f5
13.f4 exf4
14.Be3xf4 Be7c5
15.Kh1 g5
16.Bf4h2 Nc6d4
17.Nd2f3 Nd4xe2
18.Qd1xe2 Rf8e8
19.Qe2d2 Bc5e3
20.Qd2b4 c5
21.Qb4c3 g4
22.hxg4 fxg4
23.Nf3e1 Re8f8
24.Ne1f3 gxf3
25.gxf3 Rf8xf3
{ resign }
0-1

[Event "Eq:SIETE ESTRELLAS VERDES-La Taverne : "]
[Site "www.chess-mail.com"]
[Date "2016.11.09"]
[Round "1"]
[White "Emmanuel69"]
[Black "Susov"]
[WhiteElo "1870"]
[BlackElo "1840"]
[Result "0-1"]
[Round "1"]
1.c4 Ng8f6
2.d4 d5
3.e3 Bc8f5
4.Nb1c3 e6
5.Ng1f3 Nf6e4
6.cxd5 Ne4xc3
7.bxc3 Qd8xd5
8.Bf1e2 Bf8d6
9.O-O O-O
10.c4 Qd5e4
11.c5 Bd6e7
12.Nf3d2 Qe4c2
13.Nd2f3 Nb8c6
14.Qd1xc2 Bf5xc2
15.Bc1d2 Bc2e4
16.Bd2c3 a6
17.Nf3d2 Be4d5
18.Be2f3 Bd5xf3
19.Nd2xf3 b6
20.cxb6 cxb6
21.Rf1b1 b5
22.a3 Rf8c8
23.Nf3e5 Nc6xe5
24.dxe5 Rc8xc3
25.a4 Rc3a3
26.axb5 axb5
27.Ra1xa3 Ra8xa3
28.h3 b4
29.Kh2 Be7c5
30.Kg3 g5
31.Kf3 h5
32.Rb1b2 Bc5d4
33.Rb2xb4 Bd4xe5
34.Rb4b5 f6
35.g3 Ra3a4
36.Rb5b7 g4
37.hxg4 hxg4
38.Ke2 Ra4a2
39.Kf1 f5
40.Rb7e7 Ra2a6
41.Ke2 Kf8
42.Re7d7 Ra6a2
43.Kf1 Be5f6
44.Rd7b7 e5
45.Rb7d7 Bf6g5
46.Rd7b7 f4
47.gxf4 exf4
48.exf4 Bg5xf4
49.Kg2 g3
{ resign }
0-1

[Event "Tourn. n8997"]
[Site "www.chess-mail.com"]
[Date "2016.11.10"]
[Round "1"]
[White "Mao"]
[Black "Falcoale"]
[WhiteElo "1720"]
[BlackElo "1600"]
[Result "1-0"]
[Round "1"]
1.e4 c5
2.Ng1f3 Nb8c6
3.d4 cxd4
4.Nf3xd4 Nc6xd4
5.Qd1xd4 e6
6.Nb1c3 Ng8f6
7.Bc1g5 Bf8e7
8.Bf1c4 O-O
9.O-O-O a6
10.e5 Nf6e8
11.Bg5xe7 Qd8xe7
12.h4 Ne8c7
13.g4 Rf8d8
14.Qd4d6 Qe7xd6
15.Rd1xd6 Nc7e8
16.Rd6d4 b5
17.Bc4b3 Bc8b7
18.Rh1d1 Bb7c6
19.f4 a5
20.a4 bxa4
21.Nc3xa4 Ne8c7
22.Na4c5 Nc7d5
23.f5 Nd5e3
24.Rd1g1 Ne3d5
25.f6 g6
26.h5 Rd8b8
27.hxg6 hxg6
28.g5 Rb8b5
29.Rg1h1 Rb5b4
30.Rd4d2 Nd5f4
31.Rh1h6 Nf4h5
32.Nc5xd7 a4
33.Bb3xe6 Bc6xd7
34.Rh6xg6 Kh7
35.Rg6h6 Kg8
36.Rh6xh5 fxe6
37.Rd2xd7 Rb4e4
38.g6 Re4f4
39.g7 { resign }
1-0

[Event "Tourn. n8958"]
[Site "www.chess-mail.com"]
[Date "2016.11.10"]
[Round "1"]
[White "Mao"]
[Black "Passaroa25"]
[WhiteElo "1680"]
[BlackElo "1520"]
[Result "1-0"]
[Round "1"]
1.e4 c6
2.d4 d6
3.Ng1f3 f6
4.c4 Bc8e6
5.Nb1c3 Be6f7
6.Bc1f4 e5
7.dxe5 dxe5
8.Bf4e3 Nb8d7
9.Qd1c2 Ng8e7
10.O-O-O Ne7g6
11.Nc3a4 Bf8e7
12.Na4c5 Be7xc5
13.Be3xc5 b6
14.Bc5e3 O-O
15.Bf1e2 c5
16.Rd1d2 Qd8c7
17.Rh1d1 Ra8d8
18.h4 Ng6f4
19.Be3xf4 exf4
20.Rd2d6 Nd7e5
21.Rd6xd8 Rf8xd8
22.g3 Ne5g4
23.Be2d3 Ng4xf2
24.Qc2xf2 fxg3
25.Qf2g2 Qc7f4
26.Kb1 Bf7h5
27.Bd3e2 Rd8xd1
28.Be2xd1 a5
29.Qg2e2 Bh5xf3
30.Qe2xf3 Qf4xf3
31.Bd1xf3 Kf7
32.Kc2 g6
33.Kd3 h5
34.Ke3 Kg7
35.Kf4 g5
36.hxg5 Kg6
37.gxf6 Kxf6
38.Kxg3 Ke5
39.Kh4 Kd4
40.b3 Ke3
41.e5 Kxf3
42.e6 Ke3
43.e7 Kd3
44.e8Q Kc3
45.Qe8e3 Kb4
46.Qe3e6 Ka3
47.Qe6xb6 Kxa2
48.Qb6xa5 Kxb3
49.Qa5xc5 Kc3
50.Qc5d5 { resign }
1-0

[Event "Tourn. n8979"]
[Site "www.chess-mail.com"]
[Date "2016.11.10"]
[Round "1"]
[White "Osopanda"]
[Black "B0zata"]
[WhiteElo "2030"]
[BlackElo "2280"]
[Result "0-1"]
[Round "1"]
1.c4 e5
2.Nb1c3 Ng8f6
3.g3 d5
4.cxd5 Nf6xd5
5.Bf1g2 c6
6.d4 Nd5xc3
7.bxc3 exd4
8.cxd4 Bf8b4
9.Bc1d2 Qd8xd4
10.Bd2xb4 Qd4xb4
11.Qd1d2 Qb4xd2
12.Kxd2 O-O
13.Ng1f3 Nb8d7
14.Rh1d1 Nd7f6
15.Ke1 Rf8e8
16.Rd1d2 Bc8g4
17.Kf1 h6
18.h3 Bg4e6
19.Nf3d4 Be6c4
20.Kg1 Ra8d8
21.e3 Bc4d5
22.Ra1b1 Bd5xg2
23.Kxg2 c5
24.Nd4f3 b6
25.Rd2xd8 Re8xd8
26.Rb1b3 Nf6e4
27.Rb3a3 Rd8d7
28.Nf3e5 Rd7c7
29.Ne5c4 Kf8
30.h4 Ke7
31.Kf3 Ne4f6
32.g4 Ke6
33.g5 hxg5
34.hxg5 Nf6d7
35.Nc4b2 Kf5
36.Nb2c4 Kxg5
37.e4 Kf6
38.Kf4 g5
39.Ke3 Nd7e5
40.Nc4xe5 Kxe5
41.Ra3d3 f6
42.Rd3d5 Ke6
43.Rd5f5 Rc7d7
44.f4 gxf4
45.Kxf4 Rd7d2
46.a4 Rd2f2
47.Kg4 Rf2xf5
48.exf5 Ke5
{ resign }
0-1

[Event "Tourn. n9001"]
[Site "www.chess-mail.com"]
[Date "2016.11.10"]
[Round "1"]
[White "Falcoale"]
[Black "Roque1"]
[WhiteElo "1640"]
[BlackElo "1650"]
[Result "0-1"]
[Round "1"]
1.e4 c5
2.Ng1f3 e6
3.d4 cxd4
4.Nf3xd4 Ng8f6
5.Nb1c3 Bf8b4
6.Bf1d3 Qd8b6
7.Nd4b3 d5
8.O-O O-O
9.e5 Nf6d7
10.Nc3e2 Nd7xe5
11.c3 Ne5xd3
12.Qd1xd3 Bb4e7
13.Bc1e3 Qb6c7
14.Ra1c1 Nb8c6
15.Ne2d4 Bc8d7
16.Nd4xc6 Bd7xc6
17.Nb3d4 a6
18.Nd4xc6 bxc6
19.Be3d4 Ra8b8
20.b3 Qc7a5
21.b4 Qa5xa2
22.Qd3g3 g6
23.Rc1a1 Qa2c4
24.Qg3e5 f6
25.Qe5e1 e5
26.Bd4e3 Rb8b7
27.Qe1c1 f5
28.Ra1xa6 f4
29.Be3c5 Be7xc5
30.Ra6a5 Bc5a7
31.Qc1a1 c5
32.Ra5xa7 Rb7xa7
33.Qa1xa7 cxb4
34.cxb4 Qc4xb4
35.Qa7e7 Qb4xe7
{ resign }
0-1

[Event "Tourn. n9053"]
[Site "www.chess-mail.com"]
[Date "2016.11.10"]
[Round "1"]
[White "Mao"]
[Black "Redabond"]
[WhiteElo "1880"]
[BlackElo "1750"]
[Result "1-0"]
[Round "1"]
1.e4 e5
2.Ng1f3 Nb8c6
3.Bf1c4 h6
4.d4 exd4
5.Nf3xd4 Nc6xd4
6.Qd1xd4 Ng8f6
7.O-O Qd8e7
8.Nb1c3 d6
9.Bc1f4 Bc8e6
10.e5 dxe5
11.Bf4xe5 Be6xc4
12.Qd4xc4 O-O-O
13.Rf1e1 Nf6d7
14.Qc4xc7 { resign }
1-0

[Event "Tourn. n9041"]
[Site "www.chess-mail.com"]
[Date "2016.11.10"]
[Round "1"]
[White "Falcoale"]
[Black "Malbertan"]
[WhiteElo "1820"]
[BlackElo "2050"]
[Result "0-1"]
[Round "1"]
1.e4 e5
2.Ng1f3 Nb8c6
3.b3 Ng8f6
4.d3 d5
5.exd5 Qd8xd5
6.Bc1b2 Bc8g4
7.Bf1e2 O-O-O
8.O-O Bf8e7
9.h3 h5
10.Nb1c3 Qd5d6
11.hxg4 hxg4
12.Nf3g5 e4
13.Ng5xe4 Qd6h2
{ resign }
0-1

[Event "Tourn. n9050"]
[Site "www.chess-mail.com"]
[Date "2016.11.10"]
[Round "1"]
[White "Falcoale"]
[Black "Llcervello"]
[WhiteElo "1870"]
[BlackElo "1640"]
[Result "1-0"]
[Round "1"]
1.e4 e5
2.Ng1f3 f6
3.Bf1c4 Ng8e7
4.d4 Nb8c6
5.dxe5 Nc6xe5
6.Bc4b3 b5
7.O-O g5
8.Nf3xe5 Bf8g7
9.Ne5f7 { resign }
1-0

[Event "Tourn. n9007"]
[Site "www.chess-mail.com"]
[Date "2016.11.10"]
[Round "1"]
[White "Redabond"]
[Black "Falcoale"]
[WhiteElo "1640"]
[BlackElo "1660"]
[Result "0-1"]
[Round "1"]
1.d4 Ng8f6
2.Bc1f4 e6
3.Nb1c3 b6
4.Nc3b5 d6
5.Ng1f3 a6
6.Nb5c3 Bc8b7
7.e3 Bf8e7
8.Bf1e2 Nf6d5
9.Nc3xd5 Bb7xd5
10.O-O O-O
11.c3 Nb8d7
12.Be2d3 c5
13.c4 Bd5b7
14.dxc5 dxc5
15.Qd1c2 Bb7xf3
16.gxf3 g6
17.Bf4h6 Rf8e8
18.Qc2c3 Be7f6
19.Qc3c2 Nd7e5
20.Bd3e4 Ra8a7
21.b3 Bf6g7
22.Rf1d1 Qd8c8
23.Bh6xg7 Kxg7
24.Qc2c3 f6
25.f4 Ne5f7
26.Kh1 Nf7h6
27.Be4f3 Nh6f5
28.e4 Nf5d4
29.Rd1g1 Nd4xf3
30.Qc3xf3 Qc8b7
31.Qf3d3 f5
32.f3 Qb7c6
33.Rg1d1 Qc6c7
34.Qd3d6 Qc7b7
35.Qd6e5 Kg8
36.exf5 Qb7xf3
37.Kg1 Qf3g4
38.Kh1 Qg4xf5
39.Qe5xf5 exf5
40.Rd1d6 Ra7b7
41.Ra1d1 a5
42.Rd6d8 Re8xd8
43.Rd1a1 Rb7d7
44.Kg2 Rd7d1
{ resign }
0-1

[Event "Tourn. n9026"]
[Site "www.chess-mail.com"]
[Date "2016.11.10"]
[Round "1"]
[White "Genius3"]
[Black "Mao"]
[WhiteElo "1620"]
[BlackElo "1810"]
[Result "1-0"]
[Round "1"]
1.c4 Ng8f6
2.d4 e6
3.Nb1c3 Bf8b4
4.e3 d5
5.Bc1d2 c5
6.Ng1f3 Nb8c6
7.Bf1e2 cxd4
8.Nf3xd4 Nc6xd4
9.exd4 dxc4
10.Qd1a4 { resign }
1-0

[Event "Tourn. n9006"]
[Site "www.chess-mail.com"]
[Date "2016.11.10"]
[Round "1"]
[White "Ditto"]
[Black "Manuelito"]
[WhiteElo "1780"]
[BlackElo "1730"]
[Result "1-0"]
[Round "1"]
1.e4 e5
2.Ng1f3 d6
3.Bf1c4 h6
4.d3 Nb8c6
5.Nb1c3 f6
6.O-O Ng8e7
7.Bc4b5 a6
8.Bb5c4 b5
9.Bc4b3 Bc8b7
10.Bb3e6 Nc6d4
11.Nf3xd4 Ne7c6
12.Nd4f3 Qd8e7
13.Be6g4 Bb7c8
14.Bg4h5 Kd8
15.Nc3d5 Qe7e6
16.Nf3h4 Bc8b7
17.Bh5g4 Qe6f7
18.Bg4h5 Qf7d7
19.Nh4g6 Rh8g8
20.Ng6h4 g5
21.Bh5g4 Qd7f7
22.Nh4f5 Nc6d4
23.Nf5xd4 exd4
24.Qd1e1 f5
25.Bg4xf5 Bb7xd5
26.exd5 Qf7xd5
27.Bf5e4 { resign }
1-0

[Event "Match"]
[Site "www.echecsemail.com"]
[Date "2016.11.10"]
[Round "1"]
[White "Mao"]
[Black "Nulladies"]
[WhiteElo "1750"]
[BlackElo "1820"]
[Result "1-0"]
[Round "1"]
1.e4 c5
2.Ng1f3 g6
3.d4 cxd4
4.Nf3xd4 Bf8g7
5.Nb1c3 Nb8c6
6.Bc1e3 Qd8b6
7.Nd4b3 Qb6c7
8.Nc3d5 Qc7d8
9.Ra1b1 e6
10.Nd5c3 Ng8e7
11.Bf1e2 O-O
12.O-O b6
13.Nb3d4 Bc8b7
14.Qd1d2 Qd8c7
15.Rf1e1 f5
16.exf5 Ne7xf5
17.Nd4xf5 Rf8xf5
18.Nc3b5 Qc7d8
19.Be2f3 Rf5xb5
20.c4 Rb5a5
21.b4 Ra5e5
22.b5 Nc6a5
23.Bf3xb7 Na5xb7
24.Be3f4 Re5h5
25.Rb1d1 a5
26.Qd2e2 Ra8c8
27.Qe2f3 Nb7c5
28.g4 Rh5h6
29.Bf4xh6 Bg7xh6
30.Rd1d6 Bh6f8
31.Rd6d1 Bf8g7
32.Rd1d6 Bg7f8
33.Rd6d1 Qd8h4
34.h3 Bf8g7
35.Kg2 Nc5a4
36.Rd1xd7 Na4c5
37.Qf3f7 Kh8
38.Qf7xg7 { resign }
1-0

[Event "Match"]
[Site "www.echecsemail.com"]
[Date "2016.11.10"]
[Round "1"]
[White "Chapi"]
[Black "Genius3"]
[WhiteElo "2130"]
[BlackElo "1650"]
[Result "1-0"]
[Round "1"]
1.d4 f5
2.c4 Ng8f6
3.Nb1c3 e6
4.Ng1f3 Bf8b4
5.Bc1d2 O-O
6.g3 b6
7.Bf1g2 Bc8b7
8.O-O Bb4xc3
9.Bd2xc3 Nf6e4
10.Bc3b4 d6
11.d5 e5
12.Nf3d2 Ne4xd2
13.Bb4xd2 Nb8d7
14.b4 Nd7f6
15.Qd1c2 e4
16.Bd2c3 Qd8d7
17.Qc2d2 Ra8e8
18.Qd2g5 h6
19.Qg5g6 Qd7f7
20.Qg6xf7 Kxf7
21.a4 a6
22.Bg2h3 g6
23.f3 exf3
24.exf3 Nf6d7
25.Ra1e1 Re8xe1
26.Rf1xe1 Nd7f6
27.g4 fxg4
28.fxg4 Rf8e8
29.Re1f1 { resign }
1-0

[Event "Match"]
[Site "www.echecsemail.com"]
[Date "2016.11.10"]
[Round "1"]
[White "Umutkrc"]
[Black "Cersav"]
[WhiteElo "1920"]
[BlackElo "1419"]
[Result "1-0"]
[Round "1"]
1.d4 e6
2.h3 c5
3.c3 cxd4
4.Qd1xd4 Nb8c6
5.Qd4d1 d5
6.e3 e5
7.b4 a6
8.b5 Nc6a5
9.bxa6 bxa6
10.Ng1f3 Na5c6
11.c4 Bc8f5
12.Qd1xd5 Qd8xd5
13.cxd5 Nc6b4
14.Nb1a3 Nb4c2
15.Na3xc2 Bf5xc2
16.Nf3xe5 Ng8f6
17.a4 Nf6xd5
18.Bf1c4 Nd5c7
19.Ne5xf7 Rh8g8
20.Nf7d6 Kd7
21.Bc4xg8 Kxd6
22.Kd2 Bc2e4
23.Bc1a3 Kc6
24.Rh1c1 Kd7
25.f3 Be4g6
26.e4 Bf8xa3
27.Rc1xc7 Kxc7
28.Bg8d5 Ba3b4
29.Kd3 Ra8d8
30.Ra1c1 Kd6
31.Rc1c6 Ke7
32.Kc4 a5
33.f4 Bg6e8
34.Rc6e6 Kf8
35.Kb3 g6
36.g4 Bb4d2
37.Re6b6 Bd2xf4
38.Rb6f6 Be8f7
39.Rf6xf4 Rd8d7
40.Bd5xf7 Rd7xf7
41.Rf4xf7 Kxf7
42.Kc4 Ke6
43.Kd4 { resign }
1-0

[Event "Match"]
[Site "www.echecsemail.com"]
[Date "2016.11.10"]
[Round "1"]
[White "Ddum975"]
[Black "Guidom"]
[WhiteElo "1809"]
[BlackElo "2170"]
[Result "0-1"]
[Round "1"]
1.e4 e5
2.Ng1f3 Nb8c6
3.Bf1b5 a6
4.Bb5a4 Ng8f6
5.d3 b5
6.Ba4b3 Bf8e7
7.Bc1g5 O-O
8.c3 d6
9.h3 Bc8e6
10.Bb3c2 h6
11.Bg5xf6 Be7xf6
12.d4 exd4
 { time }
0-1

[Event "1/128 Finale"]
[Site "www.chess-mail.com"]
[Date "2016.11.10"]
[Round "1"]
[White "Amaya"]
[Black "Ltromb"]
[WhiteElo "2110"]
[BlackElo "1499"]
[Result "1-0"]
[Round "1"]
1.Ng1f3 Ng8f6
2.g3 d5
3.Bf1g2 g6
4.O-O Bf8g7
5.d3 O-O
6.Nb1d2 Bc8g4
7.c3 c6
8.Rf1e1 Nb8d7
9.e4 dxe4
10.dxe4 e5
11.h3  { time }
1-0

[Event "Tourn. n8952"]
[Site "www.chess-mail.com"]
[Date "2016.11.11"]
[Round "1"]
[White "Ditto"]
[Black "Cal"]
[WhiteElo "1850"]
[BlackElo "1700"]
[Result "1-0"]
[Round "1"]
1.e4 e5
2.Ng1f3 d6
3.Bf1c4 h6
4.d3 a6
5.Nb1c3 b5
6.Bc4d5 c6
7.Bd5b3 Bf8e7
8.O-O Ng8f6
9.Bc1d2 Bc8b7
10.Bd2e3 O-O
11.d4 exd4
12.Be3xd4 c5
13.Bb3d5 Bb7xd5
14.Bd4xf6 Be7xf6
15.Qd1xd5 Nb8d7
16.Qd5xd6 b4
17.Nc3d1 a5
18.Ra1b1 Bf6e7
19.Qd6d3 Qd8c7
20.Nd1e3 Nd7f6
21.Ne3c4 Ra8d8
22.Qd3e2 a4
23.e5 Nf6d5
24.Rb1d1 Nd5f4
25.Qe2e4 g5
26.Nc4e3 Rd8xd1
27.Rf1xd1 Nf4e2
28.Kf1 Ne2f4
29.Ne3f5 Qc7b6
30.Nf5xe7 Kg7
31.Ne7f5 Kh8
32.Rd1d6 Qb6b5
33.Kg1 Nf4e2
34.Kh1 Ne2c1
35.Rd6xh6 Kg8
36.Qe4g4 Qb5f1
37.Nf3g1 f6
38.Nf5e7 Kf7
39.Rh6h7 Ke8
40.Qg4c8 { resign }
1-0

[Event "Tourn. n8985"]
[Site "www.chess-mail.com"]
[Date "2016.11.11"]
[Round "1"]
[White "Osopanda"]
[Black "Comrade"]
[WhiteElo "2050"]
[BlackElo "2220"]
[Result "0-1"]
[Round "1"]
1.Ng1f3 c5
2.c3 d5
3.d4 e6
4.e3 Nb8c6
5.Bf1d3 Ng8f6
6.Nb1d2 Bf8d6
7.Qd1e2 O-O
8.e4 dxe4
9.Nd2xe4 cxd4
10.cxd4 Rf8e8
11.Ne4xd6 Qd8xd6
12.O-O Nc6xd4
13.Nf3xd4 Qd6xd4
14.Bc1g5 h6
15.Bg5xf6 Qd4xf6
16.Ra1c1 Bc8d7
17.Qe2e4 Bd7c6
18.Qe4h7 Kf8
19.f4 Ra8d8
20.Bd3b1 Qf6xb2
21.Rc1c2 Qb2d4
22.Kh1 Bc6e4
23.Qh7h8 Ke7
24.Rc2c7 Rd8d7
25.Rc7xd7 Kxd7
26.Qh8xe8 Kxe8
27.Bb1xe4 Qd4xe4
{ resign }
0-1

[Event "Tourn. n8880"]
[Site "www.chess-mail.com"]
[Date "2016.11.11"]
[Round "1"]
[White "Bigrezi"]
[Black "Gatrooper"]
[WhiteElo "1820"]
[BlackElo "1760"]
[Result "1-0"]
[Round "1"]
1.e4 e5
2.Ng1f3 Nb8c6
3.d4 exd4
4.Nf3xd4 Nc6xd4
5.Qd1xd4 d6
6.Bf1b5 c6
7.Bb5c4 Bc8e6
8.Bc4xe6 fxe6
9.O-O e5
10.Qd4d3 Ng8f6
11.Bc1g5 Bf8e7
12.Rf1d1 Nf6h5
13.Bg5xe7 Qd8xe7
14.Nb1c3 Nh5f4
15.Qd3xd6 Qe7xd6
16.Rd1xd6 c5
17.Ra1d1 O-O
18.f3 h6
19.Nc3d5 Nf4xd5
20.Rd6xd5 c4
21.Rd5xe5 g5
22.Rd1d7 Rf8f7
23.Rd7xf7 Kxf7
24.Re5f5 Kg6
25.Kf2 Ra8d8
26.Ke2 b5
27.c3 a6
28.Rf5c5 h5
29.Rc5c6 Kf7
30.Rc6xa6 Rd8b8
31.Ke3 h4
32.h3 b4
33.Ra6c6 b3
34.a3 Rb8d8
35.Rc6xc4 Rd8d1
36.Rc4c7 Ke6
37.Rc7b7 Rd1b1
38.Rb7xb3 Ke5
39.a4 Rb1a1
40.Rb3b5 Kf6
41.a5 Ke7
42.Rb5d5 Ke6
43.Rd5xg5 Kf6
44.Rg5d5 Ke6
45.b4 Ra1e1
46.Kf2 Re1c1
47.Rd5c5 Rc1c2
48.Kg1 Kd6
49.f4 Rc2c1
50.Kf2 Rc1c2
51.Kf3 Rc2c1
52.Kg4 Rc1g1
53.e5 Ke6
54.f5 Kf7
55.Kxh4  { time }
1-0